Arrondissements d'Occitanie par population - Statistiques

Statistiques générales
  • Ce quiz a été pris 87 fois
  • Le résultat moyen est 20 sur 36
Statistiques - réponses
Population Arrondissement % Correct
31 1 125 390 Toulouse
100%
34 733 159 Montpellier
96%
30 564 024 Nîmes
88%
34 321 879 Béziers
79%
66 292 142 Perpignan
74%
11 170 698 Narbonne
69%
11 163 034 Carcassonne
68%
81 195 484 Albi
65%
81 198 088 Castres
65%
82 184 398 Montauban
65%
12 112 628 Rodez
64%
65 144 942 Tarbes
64%
32 84 027 Auch
60%
46 73 707 Cahors
60%
30 153 189 Alès
57%
12 79 528 Millau
57%
48 63 491 Mende
56%
31 231 646 Muret
56%
46 54 750 Figeac
51%
09 65 785 Pamiers
50%
12 87 493 Villefranche-de-Rouergue
50%
09 47 794 Foix
49%
82 78 979 Castelsarrasin
47%
34 146 845 Lodève
47%
32 67 094 Condom
46%
31 77 331 Saint-Gaudens
46%
66 134 629 Céret
44%
46 46 485 Gourdon
43%
66 60 536 Prades
43%
48 13 028 Florac Trois Rivières
42%
11 42 296 Limoux
42%
65 48 213 Bagnères-de-Bigorre
40%
30 39 330 Le Vigan
40%
09 41 017 Saint-Girons
40%
32 41 316 Mirande
39%
65 37 801 Argelès-Gazost
38%
Aucun quiz correspondant
Distribution des résultats
% des personnes avec chaque résultat
Percentile par nombre de réponses
Votre historique - résultats
Vous n’avez pas pris ce quiz